مكتبة جامعة عجلون الوطنية

فهرس بحث المكتبة

Normal view MARC view
  • Preparation Majdoleen Al- RabadI؛ supervisor Mahmoud AL-Sobh, Samer Al-Zoubi

Entry Personal Name

Number of records used in: 1

001 - CONTROL NUMBER

  • control field: 5383

003 - CONTROL NUMBER IDENTIFIER

  • control field: JO-AjAnu

005 - DATE AND TIME OF LATEST TRANSACTION

  • control field: 20230606071156.0

008 - FIXED-LENGTH DATA ELEMENTS

  • fixed length control field: 230606|| aca||aabn | a|a d

040 ## - CATALOGING SOURCE

  • Original cataloging agency: JO-AjAnu
  • Transcribing agency: JO-AjAnu

100 ## - HEADING--PERSONAL NAME

  • Personal name: Preparation Majdoleen Al- RabadI؛ supervisor Mahmoud AL-Sobh, Samer Al-Zoubi

670 ## - SOURCE DATA FOUND

  • Source citation: Work cat.: (JO-AjAnu)2778: Preparation Majdoleen Al- RabadI؛ supervisor Mahmoud AL-Sobh, Samer Al-Zoubi, author, Problems that Face Ajloun National University Students In Using Comparative and Superiative Adjectives